000 00868nam a2200253 a 4500
001 33235
003 BD-RjUL
005 20211209051954.0
008 140430s1985 ii b 101 0 eng
035 _a(BD-RjUL)33326
040 _aDLC
_cDLC
_dDLC
_dBD-RjUL
_beng
041 _aeng
082 0 0 _a300.72054
_219
_bRES 1985
245 0 0 _aResearch methodology in social science in India /
_ceditors, L.P. Vidyarthi and A.K. Haldar.
260 _aNew Delhi :
_bToday & Tomorrowʼs Printers and Publishers,
_c1985.
300 _axiii, 246 p. ;
_c23 cm.
504 _aIncludes bibliographies and index.
650 0 _aSocial sciences
_xResearch
_zIndia
_xMethodology
_xCongresses.
_9100922
700 1 _aVidyarthi, Lalita Prasad.
_9100923
700 1 _aHaldar, A. K.
_q(Asesh Kumar),
_d1943-
_9100924
942 _2ddc
_cBK
999 _c33235
_d33235